Splatoon weapons by their japanese names - Statistics

General Stats
  • This quiz has been taken 7 times
    5 since last reset
  • The average score is 11 of 15
Answer Stats
Kana Romaji Translation/Hint Answer % Correct
ハイドラント haidoranto Hydrant Hydra Splatling
100%
ドライブワイパー doraibu waipā Drive wiper Splatana Wiper
100%
わかばシューター wakaba shūtā Wakaba means "young leaves" literally. what's a young leaf figuratively? a newbie maybe? Splattershot Jr.
100%
スパイガジェット supai gajetto Spy gadget Undercover Brella
100%
バレルスピナー bareru supinā Barrel spinner Heavy Splatling
75%
パブロ paburo Pablo. Who's a famous Pablo? Might have inspired this. Inkbrush
75%
パラシェルター Parasherutā Para-shelter Splat Brella
75%
ボールドマーカー bōrudo mākā bold marker. Another weapon in the game is the シャープマーカーshāpu mākā. so what are bold and sharp markers? Sploosh-o-matic
75%
ボトルガイザー botoru gaizā Bottle geyser. I'm being too nice here! Squeezer
75%
ヒッセン hissen 筆洗 Hissen are segmented buckets that are used for cleaning paintbrushes. Tri-slosher
75%
ヴァリアブルローラー variaburu rōrā "Variaburu"... variable? What's a weapon that has a "variable" attack, depending on how you use it? Flingza Roller
50%
ノヴァブラスター nova burasutā No hints! Luna Blaster
50%
スクリュースロッシャー sukuryū surosshā Sukuryū means "screw". It's a "surosshā" with screw attacks! Sloshing Machine
50%
スプラマニューバー supura manyūbā Spla-manoeuver. What's a weapon class that has more ways to "manoeuver" around terrain? Splat Dualies
50%
スクイックリン sukuikkurin A contraction of squeaky clean. Squiffer
50%
No matching quizzes found
Score Distribution
Percent of People with Each Score
Percentile by Number Answered
Your Score History
You have not taken this quiz since the last reset